Villes de France en P (difficile) - Statistiques

Statistiques générales
  • Ce quiz a été pris 53 fois
  • Le résultat moyen est 7 sur 20
Statistiques - réponses
Hint Réponse % Correct
Plus petite préfecture de France et capitale du marron glacé Privas
60%
Cette ville du Massif central célèbre pour ses édifices religieux et sa Vierge noire est le point de ralliement de plusieurs randonnées et pèlerinages (Le ___) Le Puy-en-Velay
50%
Plus grande ville de l'Ariège Pamiers
50%
Cette grande ville de banlieue donne son nom à un vignoble du sud bordelais Pessac
50%
Son nom ressemble à la précédente, mais elle se situe plus au nord de la péninsule. Paimpol
48%
Ville industrielle aux portes de Paris, sur le canal de l'Ourcq Pantin
48%
Au cœur du Morbihan, renommée Napoléonville sous l'Empire Pontivy
46%
Sous-préfecture de la Beauce, non-loin du Gâtinais Pithiviers
44%
Sous-préfecture des Deux-Sèvres Parthenay
38%
Lamartine disait d'elle qu'elle était « la plus belle vue de Terre, comme Naples est la plus belle vue de mer » Pau
35%
Cité fortifiée de Picardie, sur la Somme, clé des routes du Nord. Péronne
33%
Cette charmante station balnéaire bretonne est réputée pour sa faïencerie produisant des « bols à prénom » Pornic
31%
Dans la forêt de Brocéliande, on chante pour les filles de ses forges Paimpont
27%
Ville du bon roi saint Louis, et plus récemment d'industrie automobile Poissy
23%
Comme la précédente, mais avec un petit suffixe pour la distinguer, de l'autre côté de l'estuaire de la Loire Pornichet
23%
Cette commune sur le Rhône accueille le site nucléaire du Tricastin Pierrelatte
19%
Cité languedocienne, elle accueillit souvent Molière et sa troupe Pézenas
15%
Voisine de la précédente, qui a donné son nom à une ancienne et illustre lignée de l'aristocratie française, qui compte la plus proche amie de Marie-Antoinette, un ministre de Charles X et les princes actuels de Monaco. Polignac
13%
Cité lorraine stratégique au nom qui sonne germanique, fortifiée par Vauban. Phalsbourg
8%
Citadelle médiévale perchée sur le chemin de Stevenson donnant une vue imprenable sur la Lozère voisine. Pradelles
2%
Aucun quiz correspondant
Distribution des résultats
% des personnes avec chaque résultat
Percentile par nombre de réponses
Votre historique - résultats
Vous n’avez pas pris ce quiz